00671nam a2200217Ia 450000500170000000800410001702000150005808200220007310000120009524501000010726000390020730000180024665000130026465000100027765000210028765000130030865000130032194200060033495200980034099900150043820250213031216.0240331s9999 xx 000 0 und d a0415905990 bRYA22048a305.42 aRyan, B 0aFeminism and the Women's Movement:bDynamics of Change in Social Movement Ideology and Activism aNew York;aLondonbRoutledgec1992 axiii, 203 p., aFeminism aWomen aWomen's Movement aEquality aIdeology cL 001040708LaWERCLbWERCLcSSCd2024-03-31l0o 305.42 RYAp2048r2024-03-31w2024-03-31yL c1924d1924